000 00587cam a2200217 4500
001 14818
005 20230410101746.0
008 060907n1994 mx spa
020 _a9681206185
035 _9funglode14943
041 _aspa
050 1 4 _a112 F 1226
_bH673 1994
082 0 0 _a972
245 0 0 _aHistoria mínima de México /
_cDaniel Cosío Villegas ... [ et al. ]
250 _a2. ed.
260 _aMéxico :
_bEl Colegio de México,
_c1994
300 _a181 p.
651 0 _aMexico
_xHistory.
700 1 _aCosío Villegas, Daniel,
_d1898-1976.
942 _2lcc
_cbk
999 _c13475
_d13475